01315cam a22003613a 450000100090000000300040000900500170001300800410003001000170007102000150008803500230010304000230012604200140014905000210016308200200018410000220020424501300022626000380035630000210039449000120041550000640042750000300049165000220052165500310054365500280057465500400060270000240064271000620066673000330072883000210076185600900078285600810087213712688OSt20140310182305.0000526s2000 nyu j 000 1 eng d a 2004573950 a0671041657 a(OCoLC)ocm44128852 aJJGcJJGdOCLdDLC alccopycat00aPZ 7b.N817 2000 aFIC N73c b20001 aNoonan, Rosalind.10aWhispers from the past :ban original novel /cby Rosalind Noonan ; based on the hit TV series created by Constance M. Burge. aNew York :bPocket Pulse,cc2000. a179 p. ;c18 cm.1 aCharmed a"Based on the hit TV series created by Constance M. Burge." a"A Parachute Press book." 0aWitchesvFiction. 7aYoung adult fiction.2lcsh 7aFantasy fiction.2gsafd 7aRadio and television novels.2gsafd1 aBurge, Constance M.2 aCopyright Paperback Collection (Library of Congress)5DLC0 aCharmed (Television program) 0aCharmed (Series)423Publisher descriptionuhttp://www.loc.gov/catdir/description/simon052/2004573950.html413Sample textuhttp://www.loc.gov/catdir/enhancements/fy0641/2004573950-s.html